Corpus legislativo sobre la biodiversidad y el medio ambiente : (Registro nro. 1590)

Detalles MARC
000 -CABECERA
Campo de control 01322cam a2200313 i 4500
005 - FECHA Y HORA DE LA ULTIMA TRANSACCION
Campo de control 20191224041608.0
008 - ELEMENTOS DE LONGITUD FIJA—INFORMACION GENERAL
Campo de control 000202t00001999ck c 0 spa d
015 ## - NATIONAL BIBLIOGRAPHY NUMBER
National bibliography number SSS
020 ## - ISBN
ISBN 9589089437 (Obra)
020 ## - ISBN
ISBN 9589089445 (V.1)
040 ## - FUENTE DE CATALOGACIÓN
Agencia catalogadora original CO-BoPUJ
Agencia transcriptora CO-BoIAVH
Agencia Modificadora CO-BoIAVH
041 ## - IDIOMA
Código de idioma para texto/pista de sonido o título separado Español
082 04 - NUMERO DE CLASIFICACION DECIMAL DEWEY
Número de clasificación 348.04
Número del ítem C76c
110 2# - ASIENTO PRINCIPAL--NOMBRE CORPORATIVO
Nombre corporativo o de jurisdicción como elemento de entrada Convenio Andrés Bello
Unidad subordinad Secretaria Ejecutiva. SECAB. Red de Información. RICAB
9 (RLIN) 55845
245 10 - MENCION DE TITULO
Título Corpus legislativo sobre la biodiversidad y el medio ambiente :
Parte restante del título biolegis /
Mención de responsabilidad Red de Información del Convenio Andres Bello ; compilador Germán Alberto Quitiáquez Villamarín y (otros tres compiladores).
260 ## - PUBLICACION, DISTRIBUCION, ETC. (PIE DE IMPRENTA)
Lugar de publicación, distribución, etc. Bogotá :
Nombre del editor, distribuidor, etc. Convenio Andres Bello,
Fecha de publicación, distribución, etc. 1999.
300 ## - DESCRIPCION FISICA
Extensión 884 páginas ;
Dimensiones 33 cm. +
Material acompañante 1 CD-ROM
490 00 - MENCION DE SERIE
Mención de serie Ciencia y tecnología ;
Designación numérica/secuencial del volumen 71
505 ## - NOTA DE CONTENIDO
Miscellaneous information Legislación internacional.
610 24 - ASIENTO SECUNDARIO DE MATERIA - NOMBRE CORPORATIVO
Nombre corporativo o nombre de la jurisdicción como elemento de entrad Convenio Andres Bello
9 (RLIN) 3230
650 24 - ASIENTO SECUNDARIO DE MATERIA - TERMINO TEMATICO
Término temático o nombre geográfico como elemento de entrada Derecho ambiental
9 (RLIN) 55847
650 24 - ASIENTO SECUNDARIO DE MATERIA - TERMINO TEMATICO
Término temático o nombre geográfico como elemento de entrada Ciencia y tecnología
Subdivisión general Legislación
9 (RLIN) 55848
650 24 - ASIENTO SECUNDARIO DE MATERIA - TERMINO TEMATICO
Término temático o nombre geográfico como elemento de entrada Diversidad biológica
Subdivisión general Legislación.
9 (RLIN) 55849
700 1# - ASIENTO SECUNDARIO - NOMBRE PERSONAL
Nombre personal Quitiáquez Villamarín, Germán Alberto,
Término de relación Compilador.
9 (RLIN) 15704
700 1# - ASIENTO SECUNDARIO - NOMBRE PERSONAL
Nombre personal Bernal M., Henry Yesid,
Término de relación Compilador.
9 (RLIN) 15712
700 1# - ASIENTO SECUNDARIO - NOMBRE PERSONAL
Nombre personal Campo Cabal, Alvaro
Término de relación Comp.
9 (RLIN) 7343
700 1# - ASIENTO SECUNDARIO - NOMBRE PERSONAL
Nombre personal Cardenas T., Gina Yormary,
Término de relación Compilador.
9 (RLIN) 15711
942 ## - ELEMENTOS ADICIONALES (KOHA)
Sistema de clasificación Dewey Decimal Classification
Tipo de ítem Libro
Existencias
Withdrawn status Lost status Sistema de Clasificación Damaged status No para préstamo Colección Inventariado Ubicación Permanente Ubicación actual Fecha de adquisición Valor Total Checkouts Número topográfico Inventario / Código de Barras Date last seen Ejemplar Price effective from Forma de adquisición Tipo de material Fuente de Valor Public note
    Dewey Decimal Classification     General Inventariado 2017 Bogotá Bogotá 22/01/2001 39000.00   LB-348.04 C76c 005502 04/12/2012 V. 1 Ej. 1 04/12/2012 Donación Libro SECAB Incluye 1 CD-ROM (CID-005503)
    Dewey Decimal Classification     General   Bogotá Bogotá 26/11/2019     LB-348.04 C76c 043833 26/11/2019 V. 1 Ej.3 26/11/2019 Donación Libro    
    Dewey Decimal Classification     General Inventariado 2017 Sala Fabio Quevedo Sala Fabio Quevedo 12/04/2000 39000.00   LB-348.04 C76c 002179 04/12/2012 V. 1 Ej. 2 04/12/2012 Donación Libro